| 000 | 00573nam a22001817a 4500 | ||
|---|---|---|---|
| 999 |
_c164439 _d164439 |
||
| 005 | 20190520144713.0 | ||
| 010 | _aENG-125237 | ||
| 020 |
_a9788172544300 _c450.00 |
||
| 035 | _aEN-108769 | ||
| 037 | _bDBAD/PUB | ||
| 082 | _a000 | ||
| 100 | _aSubburuj, V.V.K | ||
| 245 |
_aSBI / _cby V.V.K. Subburaj _bspecial management executives (banking) / |
||
| 260 |
_aChennai _bSura College of Competition _c2015 |
||
| 270 |
_a1620, 'J' Block, 16th Main Road, Anna Nagar _bChennai _e600040 |
||
| 300 |
_avarious paging _c24cm(pbk) |
||
| 942 |
_2ddc _cEN _h000 _mSUB |
||